Statistics for Which City - Multiple Choice #1

Click here to take the quiz!

General Stats

  • This quiz has been taken 103 times
    (96 since last reset)
  • The average score is 7 of 15

Answer Stats

QuestionAnswer% Correct
In what city would you find Acropolis?Athens
90%
Which one was United States' first ever capital city?Philadelphia
75%
In which Chinese city is the Terracotta Army?Xi'an
60%
What is the capital of Solomon Islands?Honiara
54%
Which one of these cities is not one of South Africa's three capitals?Johannesburg
53%
What is the most populous urban area of Africa?Cairo
48%
Which one of these capitals is also the name of the second biggest city of Lebanon?Tripoli
47%
Which one of these South American capitals is not the largest city of their country?Quito
46%
Other than New York City, what city is ranked as being an Alpha ++ city?London
44%
Which one of these cities has not been colonized by ancient Greeks at any point of time?Barcelona
37%
After the Pentagon, the Palace of Parliament is the world's biggest administrative building, but in which capital city?Bucharest
30%
What is the name of Iran's biggest port city?Bandar Abbas
27%
Which one of these African cities was colonized by Danes?Accra
26%
What city is sometimes known as the "third Rome"?Moscow
25%
What is the oldest city on the Korean peninsula?Pyongyang
25%

Score Distribution

Percentile by Number Answered

Percent of People with Each Score

Your Score History

You have not taken this quiz since the last reset